00529 2200193 4500001002100000005001500021035002000036100002000056245007100076250002000147300002800167020002200195082001800217084002400235260004100259600000900300700001700309990000900326INLIS00000000000223320260226102348 a0010-02260000650 aM. Hilir Ismail1 aSeni Musik Tradisional Bima Dompu /cM. Hilir Ismail, Alan Malingi aCetakan 1, 2010 a52 hlm :bilus ;c21 cm a978-979-3832-62-3 a781.659.853.6 a781.659.853.6 HIL s aMataram :bCV. Mahani Persada,c2010 4aSeni0 aAlan Malingi a6586